000 00773nam a2200193 i 4500
001 124845
003 ES-MaACL
005 20230906192516.0
007 t|
008 070423s1931 sp ||||1| spa d
245 0 3 _aLa Caja de Ahorros Vizcaína
_b: diez años de actuación social y económica.
260 _aMadrid :
_b[s.n.],
_c1931 (
_fImprenta y Encuadernación de los Sobrinos de la Sucesora de M. Minuesa de los Ríos)
300 _a65 p. ;
_c21 cm.
490 1 _aPublicaciones del Instituto Nacional de Previsión ;
_v279
500 _aSeparado de los núms. 89 y 90 de los Anales del Instituto Nacional de Previsión.
830 0 _aPublicaciones del Instituto Nacional de Previsión ;
_v279
_9181151
852 _aES-MaACL
_jC-12629(7)
999 _c124845
_d124845